000 00613ntaaa2200217 4500
003 01
005 20251027200643.0
008 0714s1973 ag 01
040 _aAR-BaBN
_bspa
_cAR-BaBN
_eaacr
_dRIC
082 _a131.32 M69
245 _aFirst aid in counselling /
_cC.L Mitton,
250 _a1 ed.
260 _aEdingburgh :
_bT T Clark,
_c1968
300 _a223 p
500 _aEnfrentándose con los problemas de la vida y procurando ayudar a la gente
650 _aPsicologia Popular
650 _aConsejo Pastoral
_9270
650 _aPsicologia Pastoral
700 _aMitton, C. L.
_92691
942 _cBK
999 _c1150
_d1150